000 00600nam a2200229Ia 4500
003 OSt
005 20221005132333.0
006 a|||||r|||| 00| 0
007 ta
008 221004b |||||||| |||| 00| 0 tam d
024 _a46970
037 _cTextual
040 _aCRL
_cCRL
_btam
041 _2tam
_atam
082 _aDelta23xD60,1, 31J1
100 _aAiyar Pattinaththupill
_9640952
245 0 _aThiruppadarrcrattu
260 _c1959
650 _aSPIRITUALISM
942 _hDelta23xD60,1, 31J1
_cTEXL
_2cc
999 _c1063298
_d1063298